| 000 | 00594nam a2200217Ia 4500 | ||
|---|---|---|---|
| 005 | 20250923145806.0 | ||
| 008 | 008 250917s9999 xx 000 0 eng d | ||
| 037 | _aTextual | ||
| 040 |
_aDSWL _beng _cDSWL |
||
| 041 |
_aeng _2eng |
||
| 084 |
_aY31oaW81.2'N7, N87 _qDSWL |
||
| 100 |
_aNadkarni, M.V. _9838972 |
||
| 245 | 0 |
_aFarmers movements in India _cby M.V.Nadkarni |
|
| 260 |
_aNew Delhi _bAllied _c1987 |
||
| 300 | _axx,237p. | ||
| 365 |
_aINR _b100.00 |
||
| 490 | _v~ | ||
| 925 | _g100.00 | ||
| 942 |
_cTEXL _hY31oaW81.2'N7, N87 |
||
| 999 |
_c1455761 _d1455761 |
||